1862 1147 1961 1063 1402 1277 1327 1045 1694 1022 1544 1337 1720 1800 1644 1267 1242 1799 1102 1316 1144 1550 1677 1673 1736 1930 1494 1905 1984 1029 1447 1134 1712 1893 1794 1317 1802 1409 1462 1850 1777 1478 1046 1485 1087 1658 1811 1224 1725 1336 1326 1457 1521 1607 1948 1182 1236 1995 1043 1312 1995 1667 1763 1328 1008 1006 1318 1463 1330 1824 1527 1001 1667 1045 1477 1842 1327 1276 1399 1578 1268 1743 1048 1426 1275 1656 1255 1565 1655 1632 1968 1603 1982 1385 1483 1789 1548 1338 1738 BCNSPRNW ULIB Ver.6.0+V

เปลี่ยนเป็นภาษาไทย

Change to English
 แสดงรายละเอียดบรรณานุกรม
  กลับหน้าหลัก

Brief Record : Get Marc (ISO 2709) : E-mail record : QR code < ปิดหน้าต่าง
LEADER : 00000nam 2200000uu 4500
001    13399124619
003     ULIB
008    151022s2013||||th 000 0 tha d
060 04 ^aWA695^bF686a
110 2  ^aFood and Nutrition Policy for Health Promotion Program
245 10 ^aAnnual report ... Food and Nutrition Policy for Health Promotion Program /^cSirinya Phulkerd ... [et al.]
246 34 ^aFood and Nutrition Policy for Health Promotion Program
260    ^aNonthaburi :^bFood and Nutrition Policy for Health Promotion Program,^cc2013
300    ^a v. :^bill. (some col.) ;^c30 cm
362 0  ^a2013-
591    ^aLICL has 2003
650  0 ^aFood security^zThailand
650  0 ^aNutrition policy^zThailand
700 0  ^aSirinya Phulkerd
740 02 ^aAnnual report (Food and Nutrition Policy for Health Promotion Program), 2013-
945    ^p0^l0^i000151
945    ^p0^l0^i000152
999    ^aเกษร โพธิ์สุวรรณ
รายการนี้ยังไม่มีแท็ก
คุณยังไม่ได้ล็อกอิน คุณสามารถมีกิจกรรมร่วมกับเว็บไซต์ได้ แต่ต้องล็อกอินก่อน ::
  ล็อกอิน

รายการสื่อสารสนเทศ

ลำดับที่ ประเภท เลขเรียก/บาร์โค้ด สถานที่ สถานะ
1. วิทยาศาสตร์การแพทย์ และสุขภาพ
หนังสือสำรอง
สถานะ=หนังสือสำรอง
WA695 F686a ฉ.1 
  Barcode: 000151
ห้องสมุดวิทยาเขตสวรรค์ประชารักษ์
►หนังสือทั่วไป
บนชั้น
2. วิทยาศาสตร์การแพทย์ และสุขภาพ
วิทยาศาสตร์การแพทย์ และสุขภาพ
WA695 F686a ฉ.2 
  Barcode: 000152
ห้องสมุดวิทยาเขตสวรรค์ประชารักษ์
►หนังสือทั่วไป
บนชั้น

BibComment


ยังไม่เคยถูกคอมเมนท์

คอมเมนท์ทรัพยากรรายการนี้
  คอมเมนท์: Annual report F..


 Copyright 2026. Bcnsprnw @Library